| Tag |
First Indicator |
Second Indicator |
Subfields |
| LEADER |
00000cam a2200000 4500 |
| 001 |
in00000028663 |
| 005 |
20151007062801.0 |
| 008 |
740506s1923 nyu 00010 eng u |
| 010 |
|
|
|a 23015299
|
| 035 |
|
|
|a (OCoLC)00879132
|
| 035 |
|
|
|9 AAD5789AM
|
| 040 |
|
|
|c HRM
|d TXA
|d UtOrBLW
|
| 049 |
|
|
|a TXAM
|c [20259]
|
| 050 |
0 |
0 |
|a PR6025.A77
|b K53 1923a
|
| 092 |
|
|
|a 822
|b M396k
|
| 100 |
1 |
|
|a Masefield, John,
|d 1878-1967.
|
| 245 |
1 |
2 |
|a A king's daughter ;
|b a tragedy in verse /
|c by John Masefield.
|
| 264 |
|
1 |
|a New York :
|b The Macmillan Company,
|c 1923.
|
| 300 |
|
|
|a 4 pages ., 170 pages ;
|c 20 cm.
|
| 336 |
|
|
|a text
|b txt
|2 rdacontent
|
| 337 |
|
|
|a unmediated
|b n
|2 rdamedia
|
| 338 |
|
|
|a volume
|b nc
|2 rdacarrier
|
| 999 |
|
|
|a MARS
|
| 999 |
f |
f |
|s bde9bdac-9a4a-328c-9041-8024a515514c
|i 35f36480-b1c5-3d03-ab5d-5fba96e266f2
|t 0
|
| 952 |
f |
f |
|p ric
|a Texas A&M University
|b Rellis Campus
|c Joint Library Facility
|d Remote Storage
|t 0
|e PR6025.A77 K53 1923a
|h Library of Congress classification
|i unmediated -- volume
|m A14801298459
|
| 998 |
f |
f |
|a PR6025.A77 K53 1923a
|t 0
|l Remote Storage
|